AP Classes by Icon - Statistics

General Stats
  • This quiz has been taken 16 times
  • The average score is 16 of 20
Answer Stats
Picture Answer % Correct
AP Biology
100%
AP Chemistry
100%
AP Chinese Language and Culture
100%
AP Computer Science A
100%
AP English Literature and Composition
100%
AP Environmental Science
100%
AP European History
100%
AP French Language and Culture
100%
AP German Language and Culture
100%
AP Italian Language and Culture
100%
AP Music Theory
100%
AP United States Government and Politics
100%
AP United States History
100%
AP Calculus AB
90%
AP Spanish Language and Culture
89%
AP Calculus BC
88%
AP Seminar
88%
AP Statistics
88%
AP World History: Modern
86%
AP Computer Science Principles
83%
AP Precalculus
83%
AP Macroeconomics
80%
AP Psychology
75%
AP Microeconomics
71%
AP Physics 2
71%
AP Research
71%
AP Human Geography
67%
AP Japanese Language and Culture
67%
AP Physics C: Mechanics
67%
AP Physics C: Electricity and Magnetism
63%
AP 3D Art and Design
60%
AP 2D Art and Design
57%
AP African American Studies
57%
AP Drawing
56%
AP Latin
56%
AP English Language and Composition
50%
AP Physics 1
50%
AP Spanish Literature and Culture
50%
AP Art History
40%
AP Comparative Government and Politics
29%
No matching quizzes found
Score Distribution
Percent of People with Each Score
Percentile by Number Answered
Your Score History
You have not taken this quiz